00569nam a22001817a 4500003000400000008004100004082001600045100001800061245015100079260006800230300000900298502001700307650001700324650001300341650001100354650001100365650001100376OSt260430b |||||||| |||| 00| 0 eng d a634.6bS16C aSarita Kumari aComparative Studies on Yield and Physico-Chemical Characteristics if Some Promising Litchi (Litchi chinensis Sonn.) Cultivars / cby Sarita Kumari a.- Sabour, Bhagalpurb: Bihar Agricultural College, RAUc, 2007 a58p. bM. Sc.d2007 aHorticulture aPomology aLitchi aThesis aM. Sc.